The sociological implications of labour migration in Central Africa.
Saved in:
| 主要作者: | |
|---|---|
| 格式: | Thesis 图书 |
| 语言: | English |
| 出版: |
1967.
|
| 主题: | |
| 标签: |
添加标签
没有标签, 成为第一个标记此记录!
|
| LEADER | 00794cam a2200253 a 4500 | ||
|---|---|---|---|
| 001 | u112964 | ||
| 003 | SIRSI | ||
| 008 | 910925s1967 uk 00 0 eng | ||
| 035 | |a AAM-3595 | ||
| 040 | |a UMM | ||
| 043 | |a fc----- | ||
| 090 | |a HB2025 |b Sel | ||
| 100 | 1 | 0 | |a Selvaratnam, V. |
| 245 | 1 | 4 | |a The sociological implications of labour migration in Central Africa. |
| 260 | 1 | |c 1967. | |
| 300 | |a 75 leaves ; |c 28 cm. | ||
| 500 | |a Photocopy. | ||
| 502 | |a Dissertation (M.A.) -- University of Manchester, 1967. | ||
| 504 | |a Bibliography: leaves 68-75. | ||
| 650 | 0 | |a Africa, Central |x Emigration and immigration. | |
| 650 | 0 | |a Rural-urban migration |z Africa, Central. | |
| 948 | |a 25/09/1991 |b 26/08/2002 | ||
| 596 | |a 1 | ||
| 999 | |a HB2025 SEL |w LC |c 1 |i A002672291 |l STACKS |m P01UTAMA |r Y |s Y |t TESIS |u 23/10/1991 | ||
